000 00377nam a2200145Ia 4500
008 230711s9999||||xx |||||||||||||| ||und||
041 _aENG
082 _a621
_bGO-M
100 _aGopalKrishnan,Sundaresan
245 0 _aMaterials management
250 _a1st Ed.
260 _c2001
_aNew Delhi
_bPHI Learning Private Limited
650 _aUNIVESITY BUSNIESS SCHOOL
942 _cBK
999 _c3889
_d3889